000 01061nam a22003017a 4500
001 7895
003 FISKH
005 20250813101436.0
008 250813b cb ||||| |||| 00| 0 eng d
020 _a9780194789103
040 _aFISKH
_beng
_cFISKH
_dFISKH
050 _aPR4821.J2
082 _a428.6
100 _aMowat, Diane
245 _aThe monkey's paw /
_cRetold by Diane Mowat
250 _aThis edition first pubished 1989
260 _aNew York :
_bOxford,
_c1989
300 _a56 pages :
_billustrations ;
_c20 cm
505 _aW
520 _aFiction. Horror. HTML:The Monkey's Paw is a classic horror short story written by author W. W. Jacobs, published in England in 1902. In the story, the paw of a dead monkey is a talisman that grants its possessor three wishes, but the wishes come with an enormous price.
521 8 _a880
_bLexile
521 8 _aW
_bRaz-Plus
650 _2Elementary
_aHorror
650 _2Online-classes
_aThree wishes
700 _aJones, Kevin
_dillustrator
942 _2ddc
_cBK
_n0
999 _c7895
_d7895